Tenggelamnya kapal Van Der Wijck
| Main Author: | |
|---|---|
| Format: | Book |
| Published: |
Selangor :
PTS Sdn. Bhd. ,
2021
|
| Subjects: |
MARC
| LEADER | 00000cam a2200000 7i4500 | ||
|---|---|---|---|
| 001 | 0000090097 | ||
| 005 | 20230125100559.0 | ||
| 008 | 220920 | ||
| 020 | |a 9789674114756 | ||
| 041 | |a Malay | ||
| 090 | 0 | 0 | |a HAM |b MAL |
| 100 | 0 | |a Hamka , |d 1908-1981 | |
| 245 | 1 | 0 | |a Tenggelamnya kapal Van Der Wijck |c Hamka |
| 260 | |a Selangor : |b PTS Sdn. Bhd. , |c 2021 | ||
| 300 | |a 294 p. ; |c 18.4 cm. | ||
| 541 | |c Purchase on 2022 |f SA 11/21 ADAM |h RM20.00 | ||
| 650 | 0 | |a Malay fiction | |
| 730 | 0 | |a Judul | |
| 999 | |a 0001688742 |b Book |c Adult Collection |e Perbadanan Perpustakaan Awam Johor | ||